| 000 | 01345nam0a2200337 4500 | ||
|---|---|---|---|
| 001 | RU\NLR\bibl\560225 | ||
| 005 | 20250609162533.0 | ||
| 010 |
_a5-353-01533-9 _93000 |
||
| 021 |
_aRU _b2004-52582 _92583 |
||
| 035 | _a(NLR Aleph) 000552349 | ||
| 090 |
_a1480510 _c1480510 |
||
| 100 | _a20041007d2004 |||y0rusy50 ca | ||
| 101 | 1 |
_arus _ceng |
|
| 102 | _aRU | ||
| 105 | _aa ||||||||| | ||
| 200 | 1 |
_aЗолотые правила Гарварда и McKinsey _eПравила маг. пирамиды для делового письма _fБарбара Минто _g[Пер. с англ. А. Румянцева] |
|
| 210 |
_aМ. _cРосмэн-бизнес _cРосмэн-Пресс _d2004 |
||
| 215 |
_a190, [1] с. _cил. _d24 |
||
| 225 | 1 | _aМеждународный деловой бестселлер | |
| 300 | _aЗагл. и авт. ориг.: The pyramid principle / Barbara Minto | ||
| 320 | _aБиблиогр.: с. 188-191 (78 назв.) | ||
| 454 | 0 |
_12001#$aThe pyramid principle$fBarbara Minto _tThe pyramid principle |
|
| 606 | 0 |
_aДеловая корреспонденция _9929138 _3RU\NLR\auth\66341789 |
|
| 686 | _aУ21(0)286 | ||
| 700 | 1 |
_aМинто _bБ. _gБарбара _4070 |
|
| 801 | 0 |
_aRU _bNLR _c20041007 _gPSBO |
|
| 801 | 1 |
_aRU _bNLR _c20041007 |
|
| 942 | _cBOOK | ||
| 980 | _aNB | ||